000 00250nam a2200109Ia 4500
999 _c8002
_d8002
020 _a978-0735619050
100 _aMichael Halvorson
245 0 _aStep By Step Microsoft Visual Basic
260 _ausa
_bMcGraw Hill
_c2000
300 _a705
942 _cBK